<?xml version="1.0" encoding="UTF-8"?><?xml-stylesheet type="text/xsl" href="static/style.xsl"?><OAI-PMH xmlns="http://www.openarchives.org/OAI/2.0/" xmlns:xsi="http://www.w3.org/2001/XMLSchema-instance" xsi:schemaLocation="http://www.openarchives.org/OAI/2.0/ http://www.openarchives.org/OAI/2.0/OAI-PMH.xsd"><responseDate>2026-06-01T23:27:46Z</responseDate><request verb="GetRecord" identifier="oai:riuma.uma.es:10630/27907" metadataPrefix="marc">https://riuma.uma.es/rest/oai/request</request><GetRecord><record><header><identifier>oai:riuma.uma.es:10630/27907</identifier><datestamp>2026-02-03T10:26:01Z</datestamp><setSpec>com_10630_1685</setSpec><setSpec>col_10630_38055</setSpec></header><metadata><record xmlns="http://www.loc.gov/MARC21/slim" xmlns:dcterms="http://purl.org/dc/terms/" xmlns:doc="http://www.lyncode.com/xoai" xmlns:xsi="http://www.w3.org/2001/XMLSchema-instance" xsi:schemaLocation="http://www.loc.gov/MARC21/slim http://www.loc.gov/standards/marcxml/schema/MARC21slim.xsd">
   <leader>00925njm 22002777a 4500</leader>
   <datafield ind2=" " ind1=" " tag="042">
      <subfield code="a">dc</subfield>
   </datafield>
   <datafield ind2=" " ind1=" " tag="720">
      <subfield code="a">Ojeda Flores, Isabel María</subfield>
      <subfield code="e">author</subfield>
   </datafield>
   <datafield ind2=" " ind1=" " tag="260">
      <subfield code="c">2023</subfield>
   </datafield>
   <datafield ind2=" " ind1=" " tag="520">
      <subfield code="a">En el presente trabajo se muestra una mejora de la Propuesta de Intervención Autónoma realizada en el Prácticum III.1 del Grado en Educación Primaria. Debido al contexto comunitario y a la localización del centro educativo, en dicho periodo de prácticas se detectó que (en el aula de referencia donde se realizaba la formación) existía una ausencia de relación entre los dos agentes educativos más importantes en la vida de un/a niño/a: la familia y la escuela. Esto derivó en diversos problemas en el alumnado, como falta de rendimiento, desmotivación, desinterés, etc., así como una tensa relación entre los familiares y el colegio puesto que los primeros nunca han estado muy interesados en pertenecer al contexto escolar.&#xd;
Por ello, se propone como una opción de mejora la elaboración de un Plan de Acción Tutorial (PAT) para este grupo, en el que la tutoría presenta diversas actividades que facilitan el compromiso de las familias en el ámbito escolar, ya que se sentirán incluidas en este proceso.&#xd;
La finalidad específica de este PAT es abordar la necesidad de mantener una comunicación fluida y una relación de confianza, así como aumentar la cooperación de la familia en la escuela para demostrar que su contribución es beneficiosa para el éxito académico de los estudiantes, logrando un cambio en la perspectiva que tienen ciertos discentes hacia el aprendizaje.</subfield>
   </datafield>
   <datafield ind1="8" ind2=" " tag="024">
      <subfield code="a">https://hdl.handle.net/10630/27907</subfield>
   </datafield>
   <datafield tag="653" ind2=" " ind1=" ">
      <subfield code="a">Educación - Trabajos fin de grado</subfield>
   </datafield>
   <datafield tag="653" ind2=" " ind1=" ">
      <subfield code="a">Tutoría (Enseñanza)</subfield>
   </datafield>
   <datafield tag="653" ind2=" " ind1=" ">
      <subfield code="a">Familia y enseñanza</subfield>
   </datafield>
   <datafield tag="653" ind2=" " ind1=" ">
      <subfield code="a">Relación padres-profesores</subfield>
   </datafield>
   <datafield tag="653" ind2=" " ind1=" ">
      <subfield code="a">Enseñanza primaria</subfield>
   </datafield>
   <datafield ind2="0" ind1="0" tag="245">
      <subfield code="a">Relación entre familias y escuela: Plan de Acción Tutorial (PAT) para un aula de 2º de Educación Primaria.</subfield>
   </datafield>
</record>
</metadata></record></GetRecord></OAI-PMH>